| 000 | 00516nam a2200193Ia 4500 | ||
|---|---|---|---|
| 005 | 20260429112026.0 | ||
| 008 | 260429s9999||||xx |||||||||||||| ||und|| | ||
| 020 | _a9789819781782 | ||
| 041 | _aEnglish | ||
| 082 |
_a572.7 _bPUN |
||
| 100 | _aPunekar, Narayan S. | ||
| 245 | 0 |
_aEnzymes : _bcatalysis kinetics and mechanisms / _cNarayan S. Punekar |
|
| 250 | _a2nd ed. | ||
| 260 |
_aSingapore : _bSpringer, _c2025. |
||
| 300 | _axxix, 628 p.; hb | ||
| 650 | _a Enzymes | ||
| 650 | _aBiochemistry | ||
| 942 | _cTB | ||
| 999 |
_c51958 _d51958 |
||